|
|
|
|
| LEADER |
01067nam a22002297a 4500 |
| 001 |
40134 |
| 003 |
BD-DhAAL |
| 008 |
221129t2008 ii |||| |||| 00| 0dben d |
| 999 |
|
|
|c 45102
|d 45102
|
| 040 |
|
|
|a BD-DhAAL
|c BD-DhAAL
|
| 041 |
|
|
|a ben
|
| 082 |
|
|
|a 954.040924
|
| 100 |
|
|
|a বন্দ্যোপাধ্যায়, উপেন্দ্রনাথ
|9 52631
|
| 245 |
|
|
|a নির্বাসিতের আত্মকথা /
|c উপেন্দ্রনাথ বন্দ্যোপাধ্যায়
|
| 260 |
|
|
|a কলকাতা :
|b দে পাবলিকেশনস,
|c ২০০৮.
|
| 300 |
|
|
|a ১৪৪ পৃষ্ঠা ;
|c ২২ সে.মি.
|
| 541 |
|
|
|a Donated By Akbar Ali Khan
|e 40134
|
| 650 |
|
|
|a Authors, Indic
|x Biography.
|9 52632
|
| 655 |
|
|
|a Biographies.
|9 52634
|
| 852 |
|
|
|a Ayesha Abed Library
|c Akbar Ali Khan Collection
|
| 942 |
|
|
|2 ddc
|c BK
|
| 952 |
|
|
|0 0
|1 0
|2 ddc
|4 0
|6 954_040924000000000_BAN
|7 1
|9 72416
|a BRACUL
|b BRACUL
|c AAKC
|d 2022-11-29
|e Donated by Akbar Ali Khan
|g 100.00
|l 0
|o 954.040924 BAN
|p 3010040134
|r 2022-11-29
|t 1
|w 2022-11-29
|y BK
|